00218nam a22000857a 4500100002700000245006000027260002600087300000700113650001200120 aMaheshika,Dulakshi.L.D aPerformance Evaluation of Market Available Baby Diapers aColombobIchemcc2011 a54 adiapers